| 000 | 02978cam a2200397 i 4500 | ||
|---|---|---|---|
| 001 | 22727530 | ||
| 003 | URS | ||
| 005 | 20250206204430.0 | ||
| 006 | m |o d | | ||
| 007 | cr_||||||||||| | ||
| 008 | 220716s2023 enk ob 001 0 eng | ||
| 010 | _a 2022008142 | ||
| 020 |
_a9781003023388 _q(ebook) |
||
| 020 |
_z9780367902483 _q(hardback) |
||
| 020 |
_z9780367902186 _q(paperback) |
||
| 040 |
_aDLC _beng _cDLC _erda _dDLC |
||
| 042 | _apcc | ||
| 050 | 0 | 0 |
_aPN187 _bH231 2023 |
| 082 | 0 | 0 |
_a808.02 _223/eng/20220727 _bH231 2023 |
| 100 | 1 |
_aHarper, Graeme, _eauthor. |
|
| 245 | 1 | 0 |
_aCreative writing analysis / _cGraeme Harper. |
| 264 | 1 |
_aLondon ; _aNew York, NY : _bRoutledge, Taylor & Francis Group, _c2023. |
|
| 300 | _a1 online resource | ||
| 336 |
_atext _btxt _2rdacontent |
||
| 337 |
_acomputer _bc _2rdamedia |
||
| 338 |
_aonline resource _bcr _2rdacarrier |
||
| 504 | _aIncludes bibliographical references and index. | ||
| 505 | 0 | _aCreative writing analysis : an introduction -- Creative writing actions -- Practice-led research -- Completed work : textual analysis -- Incomplete and complementary work -- Cross disciplinary : interdisciplinary -- Culture and creative writing/Cultures of creative writing. | |
| 520 |
_a"All creative writers engage in forms of analysis. That is, we engage in detailed examinations of subjects and themes, of ways of approaching the writing of a single poem or an entire book of poems, of writing a novel or a screenplay. Analysis for creative writers often comes naturally and is frequent. When we reach an understanding of the types of analysis that are available to us, and the forms of analysis we employ, we have more tools at our disposal to progress a project or to find solutions to creative writing problems. Non-creative writers also engage in creative writing analysis, to discover more about a completed work of writing, to place it in the context of a culture or society, a moment in history or a particular writing genre or form or tradition. Creative Writing Analysis details the many ways in which creative writing can be examined. Whether you are a creative writer seeking to improve your work or you are simply interested in analyzing the practice and outcomes of others doing creative writing, Creative Writing Analysis offers strategies to assist you. The book also includes a wonderfully supportive Afterword by Dianne Donnelly, whose work in Creative Writing Studies has been widely recognized as a contribution to the critical study of creative writing"-- _cProvided by publisher. |
||
| 588 | _aDescription based on print version record and CIP data provided by publisher. | ||
| 650 | 0 | _aCreative writing. | |
| 776 | 0 | 8 |
_iPrint version: _aHarper, Graeme. _tCreative writing analysis _dLondon ; New York, NY : Routledge, Taylor & Francis Group, 2023 _z9780367902483 _w(DLC) 2022008141 |
| 906 |
_a7 _bcbc _corignew _d1 _eecip _f20 _gy-gencatlg |
||
| 942 |
_2ddc _cFR |
||
| 999 |
_c82051 _d82050 |
||